|
|
|
|
| LEADER |
00000ny a22000003n 4500 |
| 005 |
2011062303553.0 |
| 008 |
100323s20079999pe s 000 0 spa d |
| 020 |
|
|
|a 9789972224478
|
| 035 |
|
|
|a 4867
|
| 040 |
|
|
|d vLex
|
| 090 |
|
|
|c 1062
|d 1062
|
| 100 |
1 |
|
|a Lobatn̤ Palacios David
|
| 245 |
1 |
0 |
|a Tribunal Constitucional y reforma de la justicia militar
|h [Recurso electrn̤ico]
|
| 256 |
|
|
|a Servicio en ln̕ea
|
| 260 |
|
|
|a Lima, Per ︢:
|b Palestra Editores,
|c 2007
|
| 506 |
1 |
|
|a Contenido solo disponible en los productos indicados
|d vLex Global
|d vLex Global (Academic Edition, excluding Law Schools)
|d vLex Global (U.S. Academic Edition, Law Schools)
|d vLex Global (U.S. Academic Edition, excluding Law Schools)
|d vLex Global (Academic Edition, Law Schools)
|
| 650 |
0 |
4 |
|a Justicia militar
|x Publicaciones perid̤icas
|
| 650 |
0 |
4 |
|a Tribunales Constitucionales
|z Per ︢
|x Publicaciones perid̤icas
|
| 740 |
0 |
|
|a vLex Libros (Servicios en ln̕ea)
|
| 856 |
4 |
0 |
|u http://vlex.com/source/4867
|z Acceso restringido
|
| 942 |
|
|
|c BOOK
|